Singer in the shadows : the strange story of Patience Worth /

Bibliographic Details
Main Author: Litvag, Irving
Format: Book
Language:English
Published: New York : Macmillan, [1972]
Subjects:

MARC

Tag First Indicator Second Indicator Subfields
LEADER 00000cam a2200000 i 4500
001 in00000045419
005 20151007073052.0
008 800520s1972 nyu 00110beng d
035 |a (OCoLC)06338328 
035 |9 AAE9068AM 
040 |a LSM  |c LSM  |d TXA  |d UtOrBLW 
049 |a TXAM  |c [1421154] 
090 |a BF1301.W865  |b L58 1972a 
092 |a 133.9/3/0924  |a B 
100 1 |a Litvag, Irving. 
245 1 0 |a Singer in the shadows :  |b the strange story of Patience Worth /  |c by Irving Litvag. 
264 1 |a New York :  |b Macmillan,  |c [1972] 
264 4 |c ©1972 
300 |a 317 pages ;  |c 22 cm. 
336 |a text  |b txt  |2 rdacontent 
337 |a unmediated  |b n  |2 rdamedia 
338 |a volume  |b nc  |2 rdacarrier 
504 |a Includes bibliographical references and index. 
600 1 0 |a Worth, Patience. 
650 0 |a Spirit writings. 
999 |a MARS 
999 f f |s a886a791-4a84-3678-a2ee-e4d1d258fe2b  |i fd5b7066-e2b2-3549-84a6-cf5433970df2  |t 0 
952 f f |p ric  |a Texas A&M University  |b Rellis Campus  |c Joint Library Facility  |d Remote Storage  |t 0  |e BF1301.W865 L58 1972a  |h Library of Congress classification  |i unmediated -- volume  |m A14801709523 
998 f f |a BF1301.W865 L58 1972a  |t 0  |l Remote Storage